[Event "Czechia KP-chTB 0607"]
[Site "Czech Republic"]
[Date "2007.04.01"]
[Round "11.4"]
[White "Keller, Daniel"]
[Black "Vozabal, David"]
[Result "1/2-1/2"]
[WhiteElo "2146"]
[BlackElo "1868"]
[PlyCount "53"]
[EventDate "2006.10.29"]
[EventType "team-tourn"]
[EventRounds "11"]
[EventCountry "CZE"]
[SourceTitle "EXT 2008"]
[Source "ChessBase"]
[SourceDate "2007.11.25"]
[SourceVersion "1"]
[SourceVersionDate "2007.11.25"]
[SourceQuality "1"]
[WhiteTeam "Kutna Hora"]
[BlackTeam "Struharov"]
[WhiteTeamCountry "CZE"]
[BlackTeamCountry "CZE"]

1. d4 d5 2. c4 e6 3. Nc3 Nf6 4. Bg5 Be7 5. cxd5 exd5 6. e3 0-0 7. Bd3 b6 8. Nge2 Bb7 9. 0-0 c5 10. dxc5 bxc5 11. Rc1 Nbd7 12. Qa4 Ne5 13. Rfd1 Qb6 14. b3 Rfd8 15. Qf4 Nxd3 16. Rxd3 Rac8 17. Rcd1 Qc6 18. Qa4 Qxa4 19. Nxa4 h6 20. Bxf6 Bxf6 21. Rc1 Ba6 22. Rd2 c4 23. Rdc2 cxb3 24. Rxc8 Rxc8 25. Rxc8+ Bxc8 26. axb3 Ba6 27. Nd4 1/2-1/2